000 00461cam a2200169 4500
001 D12189
008 090401t1902 xxu||||| |||| 00| 0 eng d
035 _a(Sirsi) u94080
041 _aeng
100 _aBooth, Charles
245 _aLife and labour of the people in London
260 _aLondon
_bMacMillan
_c1902
350 _a0
520 _aShelf 151 Religious influences 1. London North of the Thames: The Outer Ring
942 _n0
948 _c04/03/1997
999 _c97904
_d97904